| 000 | 00391nam a2200157Ia 4500 | ||
|---|---|---|---|
| 008 | 230917s9999||||xx |||||||||||||| ||und|| | ||
| 040 |
_e135135 _aMAIN |
||
| 041 | _aEnglish | ||
| 082 | _a004.77 P449M(5) | ||
| 100 | _aPetroutsos, Evangelos | ||
| 245 | 0 | _aMastering Visual Basic 5 | |
| 250 | _a5th ed. | ||
| 260 |
_aNew Delhi _bBPB Publications _c1997 |
||
| 300 | _a1074 p. | ||
| 942 | _cBK | ||
| 999 |
_c101520 _d101520 |
||